000 00705nas a2200253 4500
001 BR9002011
003 BR-BrBNA
005 20231205091841.0
007 ta
008 230509b bl.|||p| |||| 00| 00por d
040 _aBR-BrBNA
_bpor
_cBiblioteca Nacional de Agricultura
041 _a(Pt)
072 _aE72
100 1 _aKreuz, C.L.
245 1 _aComportamento dos precos da maca e da pera na CEAGESP
650 _aMACA
650 _aPERA
650 _aPRECO
650 _aCOMERCIO INTERNO
650 _aSAO PAULO
773 0 _tAgropecuaria Catarinense (Brazil)
_xISSN 0103-0779
_g(Jun 1990), v. 3(2) p. 17-19
_wBR9002011
909 _a202311
_bLúcia
_c55
_dLúcia Elande
942 _2AGRIS
_n0
_cANA
999 _c127750
_d127750